Представление документа в формате RUSMARC

ПолеНазваниеЗначение
  Тип записи a
  Библиографический уровень m
001 Контрольный номер b5a4e79ae1044869a4964cf8ce3c71ff
005 Дата корректировки 20230118152437.4
010 Индекс ISBN __
a ISBN 5-270-00676-6 (в пер.)
d Цена 605-00, 50000 экз.
100 Данные общей обработки __
a Данные общей обработки 19181012d1989||||||| 0rusy0189 ca
101 Язык документа 0_
a Язык текста rus
102 Страна публикации __
a Страна публикации ru|
102 Страна публикации __
a Страна публикации RU
105 Кодированные данные (монография) __
a Кодированные данные (монография) #|||||||000zy
200 Заглавие и сведения об ответственности 1_
a Заглавие И неподкупный голос мой... Поэты России
f Первые сведения об ответственности Юрий Прокушев
b Общее обозначение материала Текст
210 Выходные данные __
a Место издания Москва
c Издательство Современник
d Дата издания 1989
215 Физическое описание __
a Объем 365, [1] с.
d Формат 21 см
e Сопроводительные материалы 1 закладка с портретом Н. М. Рубцова: 60 лет со дня рождения Н. М. Рубцова, 1936-1971. Рубцовский центр, Санкт-Петербургское отделение. Ник. Рубцов: "Россия, Русь! Храни себя, храни!.."
300 Общие примечания __
a Общие примечания Рубцовская коллекция
300 Общие примечания __
a Общие примечания Рубцовиана
300 Общие примечания __
a Общие примечания Книга с пометами
300 Общие примечания __
a Общие примечания Книга с экслибрисом С. А. Лагерева из личной библиотеки
330 Аннотация __
a Аннотация В новой книге известный писатель-критик Юрий Прокушев рассказывает о судьбе русских поэтов со времен декабризма до наших дней. Пушкин, Некрасов, Блок, Маяковский, Есенин, Твардовский, Вас.Федоров, А. Прокофьев, С. Васильев, Я. Смеляков, Д. Ковалев, В. Боков, Е. Исаев, Н. Рубцов, Вал. Сорокин - вот имена, к которым прежде всего приковано внимание автора и каждый из которых образно, емко запечатлел в слове свое время, сложил неповторимую песнь-думу о матери-Родине. Художественно-публицистическая по жанру, книга эта рассчитана на самого широкого читателя.
517 Другие варианты заглавия __
a Другие варианты заглавия Поэты России
600 Персоналии __
a Персоналии (Фамилия) Рубцов, Н. М.
c Дополнение к имени поэт русский
f Даты 1936-1971
g Полное имя Николай Михайлович
600 Персоналии __
a Персоналии (Фамилия) Пушкин, А. С.
c Дополнение к имени писатель русский
f Даты 1799-1837
g Полное имя Александр Сергеевич
600 Персоналии __
a Персоналии (Фамилия) Некрасов, Н. А.
c Дополнение к имени поэт русский
f Даты 1821-1877
g Полное имя Николай Алексеевич
600 Персоналии __
a Персоналии (Фамилия) Блок, А. А.
c Дополнение к имени поэт русский
f Даты 1880-1921
g Полное имя Александр Александрович
600 Персоналии __
a Персоналии (Фамилия) Маяковский, В. В.
c Дополнение к имени поэт русский
f Даты 1893-1930
g Полное имя Владимир Владимирович
600 Персоналии __
a Персоналии (Фамилия) Есенин, С. А.
c Дополнение к имени поэт русский
f Даты 1895-1925
g Полное имя Сергей Александрович
600 Персоналии __
a Персоналии (Фамилия) Твардовский, А. Т.
c Дополнение к имени поэт русский
f Даты 1910-1971
g Полное имя Александр Трифонович
600 Персоналии __
a Персоналии (Фамилия) Федоров, В. Д.
c Дополнение к имени поэт русский
f Даты 1918-1984
g Полное имя Василий Дмитриевич
600 Персоналии __
a Персоналии (Фамилия) Прокофьев, А. А.
c Дополнение к имени поэт русский
f Даты 1900-1971
g Полное имя Александр Андреевич
600 Персоналии __
a Персоналии (Фамилия) Васильев, С. А.
c Дополнение к имени поэт русский
f Даты 1911-1975
g Полное имя Сергей Александрович
600 Персоналии __
a Персоналии (Фамилия) Смеляков, Я. В.
c Дополнение к имени поэт русский
f Даты 1913-1972
g Полное имя Ярослав Васильевич
600 Персоналии __
a Персоналии (Фамилия) Ковалев, Д. М.
c Дополнение к имени поэт русский
f Даты 1915-1977
g Полное имя Дмитрий Михайлович
600 Персоналии __
a Персоналии (Фамилия) Боков, В. Ф.
c Дополнение к имени поэт русский
f Даты 1914-2009
g Полное имя Виктор Федорович
600 Персоналии __
a Персоналии (Фамилия) Исаев, Е. А.
c Дополнение к имени поэт русский
f Даты 1926-2013
g Полное имя Егор Александрович
606 Тематические рубрики __
a Основная рубрика Литературоведение
606 Тематические рубрики __
a Основная рубрика Русская литература в целом
z Хронологическая подрубрика 19 в.
z Хронологическая подрубрика 20 в.
610 Ключевые слова __
a Ключевые слова биографические материалы
a Ключевые слова биографические сведения
a Ключевые слова лирика
a Ключевые слова литературная деятельность
a Ключевые слова литературное творчество
a Ключевые слова персоналии
a Ключевые слова поэзия
a Ключевые слова поэты
a Ключевые слова русские поэты
a Ключевые слова советская литература
a Ключевые слова стихи
a Ключевые слова стихотворения
a Ключевые слова творческая деятельность
686 Индексы других классификаций __
2 Код системы rubbks
a Классификационный индекс 83.3(2=411.2)-8
700 Автор _1
a Фамилия Прокушев
b Имя Ю. Л.
f Даты 1920-2004
g Полное личное имя Юрий Львович
4 Код отношения 070
801 Источник записи _0
a Страна ru
b Организация Муниципальное бюджетное учреждение культуры "Централизованная библиотечная система" г. Сургут (Центральная городская библиотека им. А. С. Пушкина)
c Дата составления 20181012
g Правила каталогизации PSBO
801 Источник записи _1
a Страна ru
b Организация Муниципальное бюджетное учреждение культуры "Централизованная библиотечная система" г. Сургут (Центральная городская библиотека им. А. С. Пушкина)
c Дата составления 20181012
g Правила каталогизации PSBO
852 Данные о местонахождении __
j Шифр хранения 83.3(2=411.2)-8
i Авторский знак П 80
900 Макрообъекты __
a Макрообъекты И неподкупный голос мой... Поэты России. Ю. Прокушев
900 Макрообъекты __
a Макрообъекты Экслибрис Лагерева С.А. И неподкупный голос мой... Поэты России
901 Тип документа __
t Тип документа x
a Ответственный КиК/Лукашук
903 Характеристики (МАРС) __
a Дата передачи 20181012
990 Данные о заказе (DOS) __
j Количество экземпляров (DOS) 1
t N записи в КСУ для И/У (DOS) 201908